000 00497nab a22001457 4500
003 ES-SlBCS
005 20220625200733.0
008 201112s2020 sp ||||| |||| 00| 0 spa d
040 _aES-SlBCS
_bspa
041 _aspa
100 1 _aCarriedo Tejedo, Manuel
_967731
245 1 0 _aHerejes en la ciudad de León: entre el Concilio IV de Letrán (1215) y el Edicto real (1235)
_cM. Carriedo Tejedo
773 0 _gNúm. 61, 2020, págs. 327-412
_tStudium Legionense
_wRev453
_x0210-8321
942 _2lcc
_cAR
999 _c488893
_d488893